[Event "TCh-CAT 2012"]
[Site "Catalunya ESP"]
[Date "2012.03.10"]
[Round "7.9"]
[White "Ibanez Terradellas,E"]
[Black "Carrasco Rodriguez,Je"]
[Result "1/2-1/2"]
[WhiteElo "2300"]
[BlackElo "2171"]

1.d4 d5 2.Bg5 Nf6 3.Bxf6 exf6 4.e3 c6 5.Nd2 Bd6 6.g3 O-O 7.Bg2 Re8 8.Ne2 Qb6
9.b3 Bg4 10.Nf3 Nd7 11.O-O Rad8 12.c4 Qa5 13.c5 Bb8 14.b4 Qc7 15.a4 Nf8 16.Qc2 Qd7
17.Nc3 Bc7 18.Ra3 Rb8 19.Rb3 Ng6 20.b5 Qf5 21.Qxf5 Bxf5 22.Ra1 Ba5 23.Ra2 a6
24.Bf1 Ra8 25.bxc6 bxc6 26.Rab2 Bc7 27.Rb7 Ba5 28.Na2 Bc8 29.R7b3 Kf8 30.Nb4 Ne7
31.Bd3 Rd8 32.h3 h5 33.Kg2 g6 34.Ng1 Kg7 35.Ne2 Re8 36.Nf4 Rd8 37.f3 Ra7
38.Kf2 Bc7 39.h4 a5 40.Nc2 Nf5 41.Ne2 g5 42.e4 Ne7 43.hxg5 fxg5 44.Ne3 f6
45.exd5 cxd5 46.Nc3 Nc6 47.Nb5 Rb7 48.Bf5 Bxf5 49.Nxf5+ Kg6 50.Nxc7 Rxc7
51.g4 Nb4 52.Re2 hxg4 53.fxg4 Rh8 54.Ke1  1/2-1/2

[Event "50th TCh-DEN XtraCon 2011-12"]
[Site "Denmark DEN"]
[Date "2012.03.10"]
[Round "8.6"]
[White "Rostgaard,T"]
[Black "Aabling Thomsen,J"]
[Result "1-0"]
[WhiteElo "2198"]
[BlackElo "2324"]

1.d4 Nf6 2.Bg5 c5 3.Bxf6 gxf6 4.d5 Qb6 5.Qc1 Bh6 6.e3 f5 7.g3 d6 8.Bg2 Nd7
9.Ne2 Bg7 10.Nbc3 Ne5 11.O-O Bd7 12.Rb1 Qa6 13.a4 O-O 14.Nf4 Ng6 15.Nh5 Bh8
16.e4 Qc4 17.Qh6 Rad8 18.Rfe1 b6 19.exf5 Bxf5 20.Be4 e6 21.g4 Bxg4 22.Bd3 Qb4
23.Re4 Bxh5 24.Rxb4 cxb4 25.Ne4 Bg7 26.Qxh5 exd5 27.Ng5 h6 28.Ne6 fxe6 29.Qxg6 Rf6
30.Qh5 Rdf8 31.Kh1 Kh8 32.Rg1 e5 33.f3 R8f7 34.Rg3 a5 35.Bg6 Re7 36.Qg4 Rf8
37.Bd3 Rfe8 38.Qg6 e4 39.fxe4 Be5 40.Rh3 Bg7 41.exd5 Bf8 42.Rg3  1-0

[Event "TCh-NED Meesterklasse 2011-12"]
[Site "Netherlands NED"]
[Date "2012.03.10"]
[Round "7.7"]
[White "Van de Griendt,JW"]
[Black "Zwirs,Nico"]
[Result "1/2-1/2"]
[WhiteElo "2330"]
[BlackElo "2176"]

1.d4 Nf6 2.Bg5 d5 3.Bxf6 exf6 4.e3 Bd6 5.c4 dxc4 6.Bxc4 O-O 7.Nf3 b6 8.O-O Bb7
9.Nbd2 f5 10.Bd3 g6 11.Qe2 c5 12.dxc5 Bxc5 13.Rfd1 Qe7 14.a3 Nd7 15.Ba6 Nf6
16.b4 Bd6 17.Bxb7 Qxb7 18.Nc4 Bc7 19.Nd6 Bxd6 20.Rxd6 Ne4 21.Rd4 Rac8 22.Ne1 Rfd8
23.Rad1 Rxd4 24.Rxd4 Qc7 25.f3 Nf6 26.Qd2 Kg7 27.Rd6 Qc3 28.Qxc3 Rxc3 29.Rd3 Rxd3
30.Nxd3 Nd5 31.Kf2 f6 32.Ne1 Kf7 33.Ke2  1/2-1/2

[Event "TCh-SWE 2011-12"]
[Site "Sweden SWE"]
[Date "2012.03.10"]
[Round "8"]
[White "Schneider,Stef"]
[Black "Rozentalis,E"]
[Result "0-1"]
[WhiteElo "2351"]
[BlackElo "2575"]

1.d4 Nf6 2.Bg5 d5 3.e3 c6 4.Bxf6 exf6 5.c4 dxc4 6.Bxc4 Bd6 7.Nc3 O-O 8.Qc2 f5
9.Bd3 g6 10.h4 h5 11.Nf3 Nd7 12.Ng5 Nf6 13.O-O-O b5 14.Kb1 Rb8 15.Ne2 Nd5
16.Qd2 Nb4 17.Nf4 a5 18.a3 Bxf4 19.exf4 Nd5 20.Ka1 b4 21.a4 b3 22.Rc1 Rb4
23.Rc4 Ba6 24.Rxb4 axb4 25.Bxa6 Qa5 26.Bd3 Nc3 27.bxc3 bxc3  0-1

[Event "TCh-FIN SM-Liiga 2011-12"]
[Site "Helsinki FIN"]
[Date "2012.03.11"]
[Round "11.6"]
[White "Kekki,P"]
[Black "Myller,J"]
[Result "1-0"]
[WhiteElo "2335"]
[BlackElo "2124"]

1.d4 Nf6 2.Bg5 d5 3.e3 c6 4.Nd2 Ne4 5.Nxe4 dxe4 6.c3 Qd5 7.Bf4 Nd7 8.Ne2 g5
9.Bg3 Bg7 10.a3 f5 11.h4 h6 12.hxg5 hxg5 13.Rxh8+ Bxh8 14.Nf4 Qf7 15.Ne6 Qxe6
16.Qh5+ Qf7 17.Qxh8+ Nf8 18.Be2 Qf6 19.Qh5+ Kd8 20.Be5 Qg6 21.Qh8  1-0

[Event "ch-Moscow Final 2012"]
[Site "Moscow RUS"]
[Date "2012.03.11"]
[Round "2"]
[White "Dvalishvili,P"]
[Black "Kurukin,D"]
[Result "1-0"]
[WhiteElo "2406"]
[BlackElo "2375"]

1.d4 Nf6 2.Bg5 c5 3.Bxf6 gxf6 4.d5 Qb6 5.Qc1 f5 6.Nf3 Bg7 7.c3 d6 8.Na3 Nd7
9.Nc4 Qc7 10.Qg5 Bf6 11.Qxf5 b5 12.Ncd2 b4 13.Qc2 bxc3 14.bxc3 Qa5 15.Rc1 Nb6
16.e4 Rg8 17.g3 Bg4 18.Be2 Bh3 19.Bf1 Bg4 20.Bg2 Na4 21.e5 Bxf3 22.Nxf3 dxe5
23.Nd2 Rb8 24.O-O Rb2 25.Qxh7 Rh8 26.Qd3 Rxa2 27.d6 Nb6 28.Ne4 Rh6 29.Rfd1 c4
30.d7+  1-0

[Event "Nis Open 2012"]
[Site "Nis SRB"]
[Date "2012.03.13"]
[Round "3"]
[White "Djukic,Z SRB"]
[Black "Mladenovic,St"]
[Result "0-1"]
[WhiteElo "2382"]
[BlackElo "2191"]

1.d4 Nf6 2.Bg5 d5 3.c4 e6 4.Nc3 Be7 5.e3 O-O 6.cxd5 Nxd5 7.Bxe7 Nxe7 8.Bd3 Nd7
9.b4 e5 10.dxe5 Nxe5 11.Bxh7+ Kxh7 12.Qh5+ Kg8 13.Qxe5 Nc6 14.Qc5 a5 15.Rd1 Qh4
16.b5 Nb4 17.Nge2 Nc2+ 18.Kf1 Bg4 19.Rd2 Qh7 20.e4 Rad8 21.Rxd8 Rxd8 22.f3 Be6
23.Qxc7 Qh4 24.g3 Qf6 25.Qf4 Bh3+  0-1

[Event "European Ind w Rapid 2012"]
[Site "Gaziantep TUR"]
[Date "2012.03.15"]
[Round "9"]
[White "Hoang Thanh Trang"]
[Black "Bronnikova,E"]
[Result "1-0"]
[WhiteElo "2438"]
[BlackElo "2252"]

1.d4 Nf6 2.Bg5 c5 3.Bxf6 gxf6 4.d5 f5 5.c4 Bg7 6.Nc3 d6 7.e3 Nd7 8.Qc2 Nf6
9.Bd3 e6 10.Nf3 Bd7 11.Rd1 Qe7 12.O-O O-O 13.dxe6 fxe6 14.e4 fxe4 15.Nxe4 Nxe4
16.Bxe4 h6 17.Qd2 Rad8 18.Qxd6 Qxd6 19.Rxd6 Bc8 20.Rxd8 Rxd8 21.b3 a6 22.a4 b6
23.h3 Rd6 24.Re1 Bd7 25.Rc1 Be8 26.g4 Bf6 27.Kg2 Kg7 28.h4 Bg6 29.Bxg6 Kxg6
30.Re1 Kf7 31.Kg3 Rd3 32.Re3 Rd1 33.g5 hxg5 34.hxg5 Bd4 35.g6+ Ke7 36.Re4 Rd3
37.Kg4 Rxb3 38.Ng5 b5  1-0

[Event "e2e4 High Wycombe Open"]
[Site "High Wycombe ENG"]
[Date "2012.03.17"]
[Round "2"]
[White "Walton,A"]
[Black "Grattage,Matthew"]
[Result "1-0"]
[WhiteElo "2159"]
[BlackElo "2005"]

1.d4 Nf6 2.Bg5 d5 3.Bxf6 exf6 4.e3 Bf5 5.c4 Bxb1 6.Qxb1 Bb4+ 7.Kd1 a5 8.Bd3 dxc4
9.Bxc4 O-O 10.Ne2 Qd7 11.Bd3 h6 12.a3 Bd6 13.Ng3 c5 14.dxc5 Bxc5 15.Ke2 Qg4+
16.Kf1 Rd8 17.Qc2 Qd7 18.Rd1 Qc7 19.Ne4 Na6 20.Ke2 Be7 21.Qxc7 Nxc7 22.Rc1 Rac8
23.Ng3 g6 24.Be4 Ne6 25.Rhd1 Rxc1 26.Rxc1 f5 27.Bxb7 Rb8 28.Rc8+ Rxc8 29.Bxc8 a4
30.Bxe6 fxe6 31.Kd3 Bf6 32.Kc2 Kf7 33.Ne2 e5 34.Nc3 Ke6 35.Nxa4 e4 36.Nc3 g5
37.b4 Ke5 38.a4 f4 39.a5 Bd8 40.Kb3 g4 41.exf4+ Kd4 42.f5 Kd3 43.Nxe4 Kxe4
44.a6  1-0

[Event "TCh-CZE Liga1 Vychod"]
[Site "Czech Rep CZE"]
[Date "2012.03.18"]
[Round "10"]
[White "Buran,J"]
[Black "Sobek,J"]
[Result "1/2-1/2"]
[WhiteElo "2264"]
[BlackElo "2267"]

1.d4 Nf6 2.Bg5 c5 3.Bxf6 gxf6 4.d5 Qb6 5.Qc1 e6 6.Nc3 f5 7.g3 Bg7 8.Bg2 Qb4
9.Kf1 Na6 10.a3 Qb6 11.Nh3 e5 12.f4 e4 13.Nd1 Nc7 14.c4 Qf6 15.Rb1 d6 16.Nhf2 h5
17.Bh3 Bd7 18.Ne3 b5 19.b4 cxb4 20.cxb5 Nxb5 21.Rxb4 Rc8 22.Qd1 O-O 23.Nxe4 fxe4
24.Bxd7 Nc3 25.Qb3 Rc5 26.Rc4 Nxd5 27.Rxc5 Nxe3+ 28.Qxe3 dxc5 29.Qxc5 Rd8
30.Bf5 Bf8 31.Qe5 Qxe5 32.fxe5 e3  1/2-1/2

[Event "TCh-SUI National A 2012"]
[Site "Switzerland SUI"]
[Date "2012.03.18"]
[Round "1.5"]
[White "Weindl,A"]
[Black "Heimann,An"]
[Result "0-1"]
[WhiteElo "2339"]
[BlackElo "2480"]

1.d4 Nf6 2.Bg5 d5 3.Bxf6 exf6 4.e3 Bd6 5.g3 f5 6.Bg2 c6 7.Ne2 Nd7 8.Nd2 Nf6
9.c4 dxc4 10.Nxc4 Bc7 11.Nc3 O-O 12.O-O Qe7 13.Qc2 Be6 14.b3 Rad8 15.Rfd1 h5
16.Nb2 h4 17.Nd3 Rfe8 18.Rac1 Bd6 19.d5 Nxd5 20.Nxd5 Bxd5 21.Bxd5 cxd5 22.Nf4 Bxf4
23.gxf4 Qe6 24.h3 Rd6 25.Rd4 Qg6+ 26.Kh2 Rxe3 27.Rg1 Rxh3+ 28.Kxh3 Qxg1 29.Qc8+ Kh7
30.Qxf5+ Rg6 31.Qh5+ Kg8 32.Qf3 Qf1+ 33.Kh2 h3 34.Rd1 Qg2+ 35.Qxg2 Rxg2+
36.Kxh3 Rxf2 37.Rxd5 Rxf4 38.Rd8+ Kh7 39.Rd7 b5 40.Kg3 Rf5 41.Rxa7 g5 42.a4 bxa4
43.bxa4 Kg6 44.a5 Rb5 45.a6 Rb3+ 46.Kf2 Ra3 47.Ra8 Kf5 48.a7 Kg4 49.Ke2 f5
50.Kf2 f4  0-1

[Event "ch-VIE Men 2012"]
[Site "Can Tho VIE"]
[Date "2012.03.21"]
[Round "4"]
[White "Bui Vinh"]
[Black "Nguyen,Minh Tuan"]
[Result "1-0"]
[WhiteElo "2463"]
[BlackElo "2126"]

1.d4 Nf6 2.Bg5 d5 3.Bxf6 exf6 4.e3 c6 5.c4 dxc4 6.Bxc4 Bd6 7.Nc3 O-O 8.Nf3 Nd7
9.Qc2 Re8 10.Bd3 Nf8 11.h3 Qa5 12.a3 Ng6 13.Kf1 Be6 14.Rc1 Rad8 15.Ne4 Bf8
16.Nc5 Bxc5 17.Qxc5 Qxc5 18.Rxc5 Bd5 19.Bxg6 hxg6 20.Ke2 f5 21.g3 g5 22.Rg1 f6
23.h4 g4 24.Ne1 Kf7 25.Nd3 g6 26.Rgc1 Bf3+ 27.Kd2 Re7 28.b4 Be4 29.a4 a6
30.a5 Rh8 31.Rf1 Bg2 32.Re1 Be4 33.Kc3 Kg7 34.Re2 Ree8 35.Rd2 Re7 36.Rd1 Bf3
37.Ra1 Be4 38.Ra2 Bd5 39.Rb2 Be4 40.Rd2 g5 41.hxg5 fxg5 42.Re5 Rxe5 43.dxe5 Rh1
44.Nc5 Rc1+ 45.Kb2 Rb1+ 46.Ka2 Rxb4 47.Rd7+ Kf8 48.Rxb7 Bd5+ 49.Ka3 Rc4 50.Nd7+ Ke8
51.Nf6+ Kf8 52.Nxd5 cxd5 53.Rb6 f4 54.Rxa6 fxg3 55.fxg3 Rc3+ 56.Kb4 Rxe3
57.Ra8+ Ke7 58.a6  1-0

[Event "10th Red River Shootout 2012"]
[Site "Davis USA"]
[Date "2012.03.25"]
[Round "2.1"]
[White "Patton,T"]
[Black "Xiong,Jeffrey"]
[Result "0-1"]
[WhiteElo "2067"]
[BlackElo "2139"]

1.d4 Nf6 2.Bg5 c5 3.Bxf6 gxf6 4.dxc5 Qa5+ 5.Qd2 Qxc5 6.Qc3 Qxc3+ 7.Nxc3 e6
8.Nb5 Na6 9.g3 d5 10.Bg2 Bd7 11.Nd4 Nc5 12.Ngf3 Rc8 13.c3 h5 14.a3 Na4 15.Rb1 e5
16.Nc2 Bf5 17.Kd1 d4 18.Nh4 Be6 19.cxd4 Ba2 20.Ra1 Bb3 21.Be4 Nxb2+ 22.Kd2 Nc4+
23.Kc3 Ba4 24.Nb4 a5 25.Nd5 Nd6+ 26.Kd3 Bc2+ 27.Ke3 Nxe4 28.Rhc1 exd4+ 29.Kxd4 Bc5+
30.Kc4 b5+ 31.Kxb5 Nd6+ 32.Kxa5 Ra8+  0-1

[Event "European Senior Teams 2012"]
[Site "Rogaska Slatina SLO"]
[Date "2012.03.27"]
[Round "1.4"]
[White "Dragasevic,S"]
[Black "Streicher,Z"]
[Result "1-0"]
[WhiteElo "2267"]
[BlackElo "2062"]

1.d4 Nf6 2.Bg5 g6 3.Nd2 Bg7 4.e4 d6 5.c3 Nbd7 6.Ngf3 h6 7.Bh4 g5 8.Bg3 Nh5
9.Bc4 Nxg3 10.hxg3 e6 11.Bb3 O-O 12.Nc4 Qe7 13.Ne3 c6 14.Qd2 Nf6 15.e5 Ne4
16.Qd3 d5 17.Ng4 c5 18.Nxh6+ Bxh6 19.Rxh6 Kg7 20.Rh5 Bd7 21.Qe3 Rh8 22.Rxh8 Rxh8
23.O-O-O cxd4 24.Qxd4 b6 25.Bc2 Bc6 26.Qe3 g4 27.Nd4 Bb7 28.Bxe4 dxe4 29.Qf4 Bd5
30.Qxg4+ Kf8 31.Qf4 Rh2 32.Kb1 Qc5 33.g4 Qc4 34.Qxh2 Qxa2+ 35.Kc2 e3 36.Qh8+ Ke7
37.Qf6+ Ke8 38.Qh8+ Ke7 39.Qh4+ Ke8 40.Qh8+ Kd7 41.f3 Qa4+ 42.b3 Qa2+ 43.Kd3 e2
44.Nxe2 Bxb3 45.Rd2 Qa5 46.Ke3+ Bd5 47.Qf8 Qc5+ 48.Qxc5  1-0

[Event "17th Metropolitan IM"]
[Site "Los Angeles USA"]
[Date "2012.03.29"]
[Round "3"]
[White "Duckworth,W"]
[Black "Visweswaran,K"]
[Result "1-0"]
[WhiteElo "2317"]
[BlackElo "2281"]

1.d4 Nf6 2.Bg5 d5 3.Bxf6 gxf6 4.e3 c5 5.Nc3 e6 6.Qh5 Nc6 7.Nge2 cxd4 8.exd4 f5
9.h3 Qb6 10.O-O-O Bd7 11.g4 fxg4 12.hxg4 Bg7 13.Qg5 Kf8 14.Qd2 Rc8 15.Kb1 Na5
16.Nf4 Nc4 17.Bxc4 Rxc4 18.Nce2 Qb4 19.c3 Qe7 20.Nh5 Rg8 21.f3 b5 22.b3 Rc8
23.Kb2 Bh8 24.Qh6+ Ke8 25.Qxh7 Qg5 26.Qd3 Ke7 27.Nhf4 Kd6 28.Rh5 Qd8 29.Qe3 a5
30.Nd3 b4 31.cxb4 axb4 32.Nxb4 Qa5 33.a3 Ra8 34.Ra1 Rge8 35.Nc3 Kc7 36.Rh7 Kb8
37.Rxf7 Qc7 38.Rc1 Qd6 39.f4 Rc8 40.g5 Be8 41.Rh7 Qf8 42.Ne2 Bg6 43.Qxe6  1-0

[Event "European Senior Teams 2012"]
[Site "Rogaska Slatina SLO"]
[Date "2012.04.01"]
[Round "6.12"]
[White "Nickl,K"]
[Black "Hallerod,R"]
[Result "1/2-1/2"]
[WhiteElo "2162"]
[BlackElo "2102"]

1.d4 Nf6 2.Bg5 d5 3.Bxf6 gxf6 4.e3 Bf5 5.Bd3 Bxd3 6.Qxd3 e6 7.Nd2 Nd7 8.c4 dxc4
9.Qxc4 c5 10.Ngf3 Qb6 11.O-O O-O-O 12.a4 Kb8 13.a5 Qb4 14.Qxb4 cxb4 15.Nc4 Rc8
16.Rfc1 Be7 17.Nfd2 f5 18.Nb3 Rc7 19.Ncd2 Rhc8 20.Rxc7 Rxc7 21.Rc1 Rxc1+
22.Nxc1 Kc7 23.Nc4 Kc6 24.b3 f6 25.f4 Kb5 26.Kf2 Nb8 27.Kf3 Nc6 28.Ne2 Nxa5
29.Nxa5 Kxa5 30.e4 fxe4+ 31.Kxe4 Kb6 32.d5 exd5+ 33.Kxd5 a5 34.g4 Bc5 35.h4 Bf2
36.h5 Kc7 37.g5 fxg5 38.fxg5 Bh4 39.g6 hxg6 40.hxg6 Bf6 41.Nd4  1/2-1/2

[Event "Semana Santa LAB Open"]
[Site "Bogota COL"]
[Date "2012.04.04"]
[Round "2"]
[White "Rivera,I"]
[Black "Dominguez,Ramiro"]
[Result "1-0"]
[WhiteElo "2169"]
[BlackElo "2191"]

1.d4 Nf6 2.Bg5 d5 3.Nf3 Ne4 4.Bf4 c5 5.e3 Qa5+ 6.c3 Bg4 7.Be2 Nd7 8.h3 Bh5
9.Qb3 Qb6 10.Bb5 c4 11.Bxd7+ Kxd7 12.Ne5+ Kc8 13.Qa4 Qd8 14.Nxc4 g5 15.Bh2 f6
16.f3 Nd6 17.Nxd6+ exd6 18.O-O Qb6 19.Qb3 Qxb3 20.axb3 Kd7 21.Na3 Re8 22.Rfe1 a6
23.Nc2 f5 24.Nb4 Bf7 25.Ra5 Be7 26.Kf2 Bd8 27.Ra4 h5 28.Nd3 Bg6 29.c4 f4
30.Nxf4 gxf4 31.Bxf4 Bc2 32.Ra3 Rhf8 33.g3 h4 34.g4 Bf6 35.Rc1 Bg6 36.Rd1 Bf7
37.Ra4 Rc8 38.Rb4 dxc4 39.Rxb7+ Kc6 40.Ra7 Ra8 41.Rxa8 Rxa8 42.bxc4 Rb8 43.Rd2 Bxc4
44.Rc2 Kb5 45.Bxd6 Rd8 46.Ba3 a5 47.f4 a4 48.g5 Bg7  1-0

[Event "5th Pedro Montalvo"]
[Site "Las Palmas ESP"]
[Date "2012.04.04"]
[Round "3"]
[White "Reinaldo Castineira,R"]
[Black "Capote Robayna,J"]
[Result "1-0"]
[WhiteElo "2470"]
[BlackElo "1809"]

1.d4 Nf6 2.Bg5 g6 3.Bxf6 exf6 4.e3 d6 5.g3 Bg7 6.Bg2 c6 7.Ne2 O-O 8.O-O Qb6
9.Qc1 f5 10.c4 c5 11.Nbc3 Nc6 12.Nd5 Qa5 13.Rd1 cxd4 14.exd4 Re8 15.Qc2 Bd7
16.a3 Qd8 17.b4 Rc8 18.Rac1 b6 19.Qd2 Ne7 20.Ne3 Ba4 21.Re1 Bc6 22.d5 Bb7
23.Nd4 Qd7 24.b5 a6 25.Nc6 axb5 26.cxb5 Ra8 27.Nc4 Nc8 28.Rxe8+ Qxe8 29.Re1 Qd7
30.Qe3 Qc7 31.Qg5 h6 32.Qd8+ Qxd8 33.Nxd8 Ra4 34.Re8+ Bf8 35.Nxb7  1-0

[Event "Pobeskydi IM 2012"]
[Site "Frydek Mistek CZE"]
[Date "2012.04.05"]
[Round "5"]
[White "Tymrakiewicz,R"]
[Black "Svana,P"]
[Result "1-0"]
[WhiteElo "2289"]
[BlackElo "2274"]

1.d4 Nf6 2.Bg5 g6 3.Bxf6 exf6 4.g3 d5 5.Bg2 Bg7 6.e3 O-O 7.Ne2 c6 8.Nd2 Nd7
9.O-O Re8 10.b4 f5 11.c4 Nf6 12.cxd5 Nxd5 13.Rb1 Be6 14.a3 Qd7 15.Nf3 f6
16.Ne1 g5 17.Nd3 b6 18.Rc1 Rac8 19.Nc3 Ne7 20.Re1 Ng6 21.a4 f4 22.b5 cxb5
23.exf4 bxa4 24.d5 Bf7 25.Rxe8+ Bxe8 26.Nb4 gxf4 27.Nc6 Ne5 28.Qe2 f3 29.Qa6 Nxc6
30.dxc6 Rxc6 31.Bxf3 Rc5 32.Rd1 Qc8 33.Bb7 Qb8 34.Bd5+ Kh8 35.Ne4 Bb5 36.Qb7 Qxb7
37.Bxb7 Re5 38.f4 Re7 39.Nd6 Bd7 40.Nc8 Bxc8 41.Rd8+ Bf8 42.Bxc8 Kg7 43.f5 a3
44.Be6 Rxe6 45.fxe6 a2 46.Rd7+ Kg6 47.Rxa7 Bc5+ 48.Kf1 Kf5 49.Rxa2 Kxe6 50.Ke2 h5
51.Ra8 Kf5 52.Kf3 Bg1 53.h3 Bc5 54.Rg8 Bd4 55.Rd8 Bc5 56.Rd5+ Kg6 57.g4 hxg4+
58.Kxg4 Bb4 59.h4 Bc3 60.h5+ Kh6 61.Rb5 Bd4 62.Rb3 Bc5 63.Rd3 Be7 64.Rb3 Bc5
65.Kf5 Bd4 66.Rd3 Be5 67.Rb3 Bd4 68.Rb1 Bc5 69.Rd1 Bb4 70.Rd8 Bc5 71.Rg8 Bd4
72.Rh8+ Kg7 73.Rd8 Be5 74.Rd5 Kh6 75.Kg4 Bh2 76.Rd7 Be5 77.Rb7 Bd4 78.Rc7 Be3
79.Rc6 Bd4 80.Rd6 Be5 81.Rxb6 Bd4 82.Rb8 f5+ 83.Kxf5 Kxh5 84.Rd8 Bg7 85.Rd1  1-0

[Event "39th La Roda Open"]
[Site "La Roda ESP"]
[Date "2012.04.07"]
[Round "6"]
[White "Rojas Keim,L"]
[Black "Nicolas Zapata,I"]
[Result "1-0"]
[WhiteElo "2424"]
[BlackElo "2127"]

1.d4 Nf6 2.Bg5 d5 3.Bxf6 exf6 4.c4 dxc4 5.e3 Bb4+ 6.Nc3 Be6 7.Ne2 c6 8.Nf4 Qa5
9.Qc2 Qf5 10.Qxf5 Bxf5 11.Bxc4 Nd7 12.Bd3 Be6 13.O-O Nb6 14.Rfc1 O-O-O 15.a3 Bd6
16.Nfe2 f5 17.b4 Kb8 18.Nd1 g5 19.Ng3 Bxg3 20.hxg3 h5 21.Rc5 Nd7 22.Rxf5 Bxf5
23.Bxf5 Nf6 24.Nc3 h4 25.g4 Ng8 26.Ne4 f6 27.Rb1 Nh6 28.b5 Nxf5 29.gxf5 cxb5
30.Rxb5 Rh6 31.f3 Rc8 32.d5 h3 33.gxh3 Rxh3 34.d6 Rxf3 35.Nxf6 Rxe3 36.Nd7+ Ka8
37.f6 Rd8 38.f7 Rf3 39.Ne5 Rf6 40.d7 Rxf7 41.Nxf7 Rxd7 42.Nxg5 Rd3 43.a4 a6
44.Re5 Rb3 45.Ne4 Rb4 46.Nd6 Kb8 47.Re7 Rb6 48.Rd7 Rb2 49.Kf1 a5 50.Nb5 Kc8
51.Rc7+ Kb8 52.Rc4 b6 53.Ke1 Kb7 54.Kd1 Ra2 55.Kc1 Rh2 56.Kb1 Rf2 57.Rc7+ Kb8
58.Rc2 Rf4 59.Nc3 Kb7 60.Kb2 Rb4+ 61.Kc1 Rc4 62.Kd2 Rh4 63.Kd3 Rb4 64.Re2 Kc6
65.Re6+ Kc5 66.Rh6 Rd4+ 67.Kc2 Rb4 68.Rh5+ Kc6 69.Kd3 Kd6 70.Rd5+ Kc6 71.Rd4 Rb2
72.Rc4+ Kd6 73.Rh4 Kc6 74.Rd4 Rh2 75.Nb5 Kc5 76.Rc4+ Kd5 77.Nc3+ Kd6 78.Rc8 Kd7  1-0

[Event "Pobeskydi Open 2012"]
[Site "Frydek Mistek CZE"]
[Date "2012.04.08"]
[Round "8"]
[White "Samovojska,D"]
[Black "Remes,R"]
[Result "1-0"]
[WhiteElo "2257"]
[BlackElo "1963"]

1.d4 d5 2.Bg5 Nf6 3.Nd2 Nbd7 4.e3 h6 5.Bh4 a6 6.f4 c5 7.Ngf3 cxd4 8.exd4 Qb6
9.Bd3 Qxb2 10.Rb1 Qc3 11.O-O g6 12.Rb3 Qc7 13.f5 g5 14.Bg3 Qa5 15.Qe2 Nh5
16.Bd6 Ndf6 17.Re1 Qd8 18.Qe5 Rh7 19.h3 Nd7 20.Qxd5 Nhf6 21.Qc4 Nb6 22.Qc5 Nfd7
23.Qa5 f6 24.Rc3 Ne5 25.dxe5 exd6 26.exd6+ Kf7 27.Rc7+ Nd7 28.Qd5+ Kg7 29.Bc4 Bxd6
30.Qxd6 Rh8 31.Re7+  1-0

[Event "Karposh Open 2012"]
[Site "Skopje MKD"]
[Date "2012.04.08"]
[Round "2.40"]
[White "Drazic,S"]
[Black "Temkov,B"]
[Result "1-0"]
[WhiteElo "2536"]
[BlackElo "1952"]

1.d4 d5 2.Bg5 Nf6 3.Bxf6 exf6 4.e3 Be7 5.c4 O-O 6.Nc3 dxc4 7.Bxc4 c6 8.Qf3 Nd7
9.Nge2 Nb6 10.Bb3 Qd7 11.h3 Qf5 12.Qg3 Qg5 13.Qf3 Qf5 14.Qg3 Qg5 15.Qh2 Rd8
16.O-O-O f5 17.g4 Qh6 18.Qg2 Be6 19.Bxe6 Qxe6 20.Nf4 Qf6 21.Nh5 Qh6 22.Ng3 fxg4
23.hxg4 Qe6 24.Nf5 Bf8 25.Qh3 Qg6 26.Ne2 Nd5 27.e4 Re8 28.f3 f6 29.Rh2 Nb4
30.a3 Na6 31.Nf4 Qg5 32.Qxh7+ Kf7 33.Qh5+ Qxh5 34.gxh5 Nc7 35.Rc2 Rac8 36.Rd3 Red8
37.Kd2 Nb5 38.a4 Nc7 39.Ke3 Na6 40.Rdd2 Nb4 41.Rc1 a5 42.Nd3 Na6 43.b3 Nc7
44.Rdc2 Ba3 45.Rg1 Bf8 46.Nf4 Ne8 47.Ng6 b5 48.Nxf8 Kxf8 49.Rgc1 bxa4 50.bxa4 Rb8
51.Rxc6 Rb3+ 52.Kf4 Ra3 53.Rc8 Rxc8 54.Rxc8 Rxa4 55.d5  1-0

[Event "TCh-SUI National A 2012"]
[Site "Switzerland SUI"]
[Date "2012.04.15"]
[Round "2.5"]
[White "Kuemin,S"]
[Black "Georgiadis,N"]
[Result "1/2-1/2"]
[WhiteElo "2381"]
[BlackElo "2311"]

1.d4 Nf6 2.Bg5 g6 3.Bxf6 exf6 4.e3 Bg7 5.c4 O-O 6.g3 d6 7.Bg2 f5 8.Ne2 Nd7
9.Nbc3 Nf6 10.O-O Bd7 11.Qc2 Qc8 12.Nd5 Re8 13.Nxf6+ Bxf6 14.Rab1 a5 15.b4 axb4
16.Rxb4 Bc6 17.Bd5 Ra5 18.Rfb1 Rxd5 19.cxd5 Bxd5 20.Nf4 Be4 21.Qa4 c5 22.dxc5 dxc5
23.Rxb7 Bxb7 24.Rxb7 Qxb7 25.Qxe8+ Kg7 26.Qa4 Qb1+ 27.Kg2 Qb7+ 28.Kg1 Qb1+
29.Kg2 Qb7+  1/2-1/2

[Event "Belgrade Cup Final 2012"]
[Site "Belgrade SRB"]
[Date "2012.04.19"]
[Round "2.3"]
[White "Nesic,T"]
[Black "Stamenkovic,A"]
[Result "0-1"]
[WhiteElo "1922"]
[BlackElo "2288"]

1.d4 Nf6 2.Bg5 d5 3.Nd2 Bf5 4.Bxf6 exf6 5.c3 c6 6.Ngf3 Bd6 7.e3 O-O 8.Be2 Re8
9.O-O Qb6 10.Qb3 Qxb3 11.axb3 Nd7 12.b4 a6 13.Rfe1 g5 14.Nb3 Re7 15.Nc5 Nf8
16.Bd3 Bg6 17.Bxg6 Nxg6 18.Nd2 Rae8 19.g3 f5 20.Kf1 h5 21.Nd3 Kg7 22.Nf3 g4
23.Nd2 h4 24.Nf4 Kf6 25.Nb3 Nf8 26.Nc5 Ne6 27.Nb3 Ng5 28.Ke2 Ne6 29.Kf1 Rh8
30.Nd2 Ng5 31.Ke2 Ree8 32.Ng2 hxg3 33.hxg3 Rh2 34.Nf4 Bxf4 35.gxf4 Nh3 36.Rf1 Nxf4+
37.Ke1 Nd3+ 38.Ke2 Nxb2 39.Ra2 Nc4 40.Nxc4 dxc4 41.Rd2 f4 42.Kd1 Kg5 43.exf4+ Kxf4
44.d5 cxd5 45.Rxd5 Re7 46.Rg1 f5 47.Rf1 Re5 48.Rd4+ Kf3 49.Rd2 a5 50.Rc2 Rd5+
51.Kc1 axb4 52.cxb4 b5  0-1

[Event "Grand Congress Open"]
[Site "Bournemouth ENG"]
[Date "2012.04.20"]
[Round "1.6"]
[White "Mladenov,P"]
[Black "Wells,Jonathan C"]
[Result "1/2-1/2"]
[WhiteElo "2389"]
[BlackElo "1991"]

1.d4 Nf6 2.Bg5 d5 3.Bxf6 exf6 4.e3 Bd6 5.Nd2 O-O 6.g3 c6 7.Bg2 f5 8.Ne2 Nd7
9.O-O Nf6 10.c4 Be6 11.Qc2 Ne4 12.cxd5 Nxd2 13.Qxd2 Bxd5 14.Bxd5 cxd5 15.Qd3 Qd7
16.Nc3 Bb4 17.Ne2 Bd6 18.Qb3 Be7 19.Rac1 Rac8 20.Nc3 Rcd8 21.Nb5 a6 22.Rc7 Qe6
23.Nc3 b5 24.Nxd5 Rxd5 25.Rxe7 Qd6 26.Rc1 Rxd4 27.Rxf7 Rxf7 28.exd4 g6 29.d5 Rd7
30.Rc8+ Kf7 31.Rh8 Kf6 32.Qc3+ Kg5 33.h4+ Kg4 34.Kg2 Qxd5+ 35.f3+ Kh5 36.Qf6 Kh6
37.h5 Qd2+ 38.Kh3 Qg5 39.Qf8+ Kxh5 40.Qb4 Kh6 41.Qf8+ Kh5 42.Qc8 Qe7 43.Re8 Qd6
44.Qc1 Qd1 45.Qxd1 Rxd1 46.Re6 Rd2 47.Rxa6 Rxb2 48.a4  1/2-1/2

[Event "TCh-CZE Extraliga 2011-12"]
[Site "Czech Republic CZE"]
[Date "2012.04.21"]
[Round "10.3"]
[White "Yemelin,V"]
[Black "Chytilek,R"]
[Result "1/2-1/2"]
[WhiteElo "2568"]
[BlackElo "2393"]

1.d4 Nf6 2.Bg5 c5 3.d5 Ne4 4.Bf4 Qb6 5.Bc1 e6 6.f3 Nf6 7.e4 exd5 8.exd5 Bd6
9.Na3 Qb4+ 10.Qd2 Qxd2+ 11.Bxd2 Nxd5 12.Nb5 Be7 13.Ne2 Na6 14.Nec3 Nxc3 15.Bxc3 O-O
16.Bc4 d5 17.Bxd5 Nb4 18.Bxb4 cxb4 19.O-O-O Bd7 20.Nd4 Rab8 21.f4 Rfd8 22.Nf3 Bf6
23.Ne5 Bxe5 24.fxe5 Bc6 25.Bxc6 bxc6 26.Rxd8+ Rxd8 27.Rd1 Re8 28.Rd6 h5 29.Rxc6 Rxe5
30.Kd2 Rg5 31.g3 h4 32.gxh4 Rg2+ 33.Ke3 Rxh2 34.Rc4  1/2-1/2

[Event "TCh-AUT 1st Bundesliga 2012"]
[Site "Jenbach AUT"]
[Date "2012.04.21"]
[Round "10.5"]
[White "Pisk,P"]
[Black "Pitl,G"]
[Result "1/2-1/2"]
[WhiteElo "2385"]
[BlackElo "2377"]

1.d4 Nf6 2.Bg5 d5 3.Bxf6 exf6 4.e3 Bd6 5.g3 O-O 6.Bg2 c6 7.Ne2 Nd7 8.Nd2 f5
9.c4 dxc4 10.Nxc4 Bb4+ 11.Nc3 Nf6 12.O-O Be6 13.Ne5 Qe7 14.Nd3 Bd6 15.Qc2 g6
16.a3 Rac8 17.Rfd1 Bc4 18.Na4 Bb5 19.Nc3 Bc4 20.Na4 Bb5 21.Rac1 Rfd8 22.Nc3 Bc4
23.Na4 Bd5 24.Bxd5 Nxd5 25.Nc3 Nf6 26.Ne1 Kg7 27.Nf3 Qe6 28.Ng5 Qe7 29.Nf3 Qe6
30.Ng5 Qe7 31.Nf3  1/2-1/2

[Event "ch-SRB 2012"]
[Site "Vrnjacka Banja SRB"]
[Date "2012.04.26"]
[Round "4"]
[White "Bogosavljevic,B"]
[Black "Markus,Rob"]
[Result "1/2-1/2"]
[WhiteElo "2523"]
[BlackElo "2625"]

1.d4 Nf6 2.Bg5 c5 3.d5 Qb6 4.Nc3 Qxb2 5.Bd2 Qb6 6.e4 e5 7.f4 d6 8.Nf3 Nbd7
9.Rb1 Qd8 10.fxe5 dxe5 11.Bc4  1/2-1/2

[Event "TCh-ITA 2012"]
[Site "Arvier ITA"]
[Date "2012.04.30"]
[Round "6"]
[White "Georgiev,Ki"]
[Black "Codenotti,M"]
[Result "1-0"]
[WhiteElo "2671"]
[BlackElo "2328"]

1.d4 Nf6 2.Bg5 d5 3.Bxf6 exf6 4.e3 Bd6 5.g3 c6 6.Bg2 O-O 7.Ne2 Bg4 8.Qd3 Bxe2
9.Qxe2 Qb6 10.b3 Qa6 11.c4 Bb4+ 12.Kf1 dxc4 13.Qxc4 Qa5 14.a3 Be7 15.b4 Qh5
16.Nc3 Nd7 17.Qe2 Qxe2+ 18.Kxe2 Rac8 19.Rhc1 f5 20.b5 g6 21.a4 Rfd8 22.a5 Nb8
23.a6 bxa6 24.bxc6 Nxc6 25.Rxa6 Nb8 26.Rxa7 Rd7 27.Ra8 Kg7 28.Na2 Rdc7 29.Kd1 Rxc1+
30.Nxc1 Rd8 31.Nb3 Nd7 32.Ra7 Bf8 33.Ke2 Kf6 34.Bd5 Be7 35.Na5 Nb8 36.Bb3 Rd6
37.Rb7 Ra6 38.Nc4 Nc6 39.d5 Na5 40.Nxa5 Rxa5 41.d6 Bxd6 42.Rxf7+ Ke5 43.f4+ Ke4
44.Rf6  1-0

[Event "ch-SRB 2012"]
[Site "Vrnjacka Banja SRB"]
[Date "2012.04.30"]
[Round "8"]
[White "Ivanisevic,I"]
[Black "Indjic,A"]
[Result "1-0"]
[WhiteElo "2645"]
[BlackElo "2430"]

1.d4 Nf6 2.Bg5 g6 3.Bxf6 exf6 4.e3 d6 5.c4 f5 6.Nc3 Nd7 7.g3 Nf6 8.Bg2 Bg7
9.Nge2 O-O 10.O-O Re8 11.b4 h5 12.b5 h4 13.gxh4 Bh6 14.Ng3 Ng4 15.h3 Nxf2
16.Rxf2 Bxe3 17.Qf3 Bxd4 18.Rd1 Bxf2+ 19.Qxf2 Qxh4 20.Nd5 Qd8 21.Qf4 Be6
22.Qh6 Bxd5 23.Bxd5 Qe7 24.Qxg6+ Kh8 25.Qh6+ Kg8 26.Nxf5 Qe5 27.Qg6+ Kh8
28.Qh5+  1-0